List of Leaders of the Soviet Union - Statistics

General Stats
  • This quiz has been taken 66 times
  • The average score is 5 of 8
Answer Stats
Period Leader % Correct
1922-1924 Vladimir Lenin
100%
1924-1953 Joseph Stalin
98%
1985-1991 Mikhail Gorbachev
82%
1964-1982 Leonid Brezhnev
78%
1953-1964 Nikita Krushchev
61%
1982-1984 Yuri Andropov
47%
1953 Georgy Malenkov
35%
1984-1985 Konstantin Chernenko
29%
No matching quizzes found
Score Distribution
Percent of People with Each Score
Percentile by Number Answered
Your Score History
You have not taken this quiz